LEADER 01397nam a2200277 i 4500 001 000000064610 003 CaOOAMICUS 005 20071205000000.0 008 071205s1968 it u000 u ita u 013 $a35782 040 $aSeMil$bita 100 1 $aDumont, Pierre <1901-1970>.$0(OLS)http://semarc/name/9779 245 13$aLa Teologia greca odierna /$cPierre Dumont. 260 $aPalermo :$bAssociazione Cattolica Italiana per l'Oriente Cristiano,$cstampa 1968. 300 $a134 p. :$bill. ;$c24 cm. 490 0 $aQuaderni di "Oriente Cristiano". Studi ;$v[2. ] 490 0 $aQuaderni di "Oriente Cristiano" ;$v.Studi ; [2] 500 $aSul verso del front. : Estratto della Rivista "Oriente Cristiano", Anno 6. [1966], n. 3, 4 ; Anno 7. [1967], n. 1, 3, 4. 650 4$aTeologia ortodossa.$0(OLS)http://semarc/subject/2276 650 4$aGrecia - Teologia.$0(OLS)http://semarc/subject/12593 830 0$aQuaderni di "Oriente Cristiano". Studi ;$v[2. ].$0(OLS)http://semarc/title/561 830 0$aQuaderni di "Oriente Cristiano" ;$v.Studi ; [2].$0(OLS)http://semarc/title/24861 850 $aSeMil 852 $aSeMil$W1$xVenegono$y1$m2M IV 347$j30763$B30763$CSeMilBibl$Z2$F30766 $81 996 $6245$aLa Teologia greca odierna$9(OLS)http://semarc/title/102345 996 $6260$aPalermo :$bAssociazione Cattolica Italiana per l'Oriente Cristiano$9(OLS)http://semarc/publisher/29835 LEADER 01207nam a2200313 i 4500 001 000000116195 003 CaOOAMICUS 005 20030611000000.0 008 030611s1984 it u000 u ita u 013 $a88884 020 $a88-420-2405-8 040 $aSeMil$bita 100 1 $aLai, Benny <1925-2013>.$0(OLS)http://semarc/name/22682 240 13$aLe secrets du Vaticain.$0(OLS)http://semarc/title/170359 245 12$aI segreti del Vaticano :$bda Pio 12. a papa Wojtyla /$cBenny Lai. 250 $a3. ed. 260 $aRoma ; Bari :$bLaterza,$c1984. 300 $a195 p. ;$c21 cm. 490 0 $aI Robinson 500 $aFondo Card. C.M. Martini. 650 4$aSanta Sede - 1958-1978.$0(OLS)http://semarc/subject/21380 830 2$aI Robinson.$0(OLS)http://semarc/title/8049 850 $aSeMil 852 $aSeMil$W1$xVenegono$y1$m3A II 35$j71675$B71675$CSeMilBibl$Z2$F101355 $81 941 1 $a4 961 $aOmaggio: Martini Card. Carlo Maria 996 $6020$a88-420-2405-8$9(OLS)http://semarc/number/100248 996 $6245$aI segreti del Vaticano :$bda Pio 12. a papa Wojtyla$9(OLS)http://semarc/title/170358 996 $6260$aRoma ; Bari :$bLaterza$9(OLS)http://semarc/publisher/30305